Ako ďalej v ekonomickom rozvoji?
Vláda SR ako koordinátor progresu, prosperity a medzinárodnej spolupráce. Prekážky ekonomického rozvoja. Závislosť realizovateľných podnikateľských zámerov od dostatku "lacných" peňazí. Zdokonalenie legislatívy.
Salvato in:
| Autore principale: | |
|---|---|
| Natura: | Capitolo di libro |
| Lingua: | slovacco |
| Soggetti: | |
| Tags: |
Nessun Tag, puoi essere il primo ad aggiungerne!!
|
MARC
| LEADER | 00000naa a2200000 4500 | ||
|---|---|---|---|
| 001 | r024706 | ||
| 005 | 20221213113308.1 | ||
| 041 | 0 | |a slo | |
| 044 | |a SK | ||
| 245 | 1 | 0 | |a Ako ďalej v ekonomickom rozvoji? |c Michal Baránik |
| 520 | |a Vláda SR ako koordinátor progresu, prosperity a medzinárodnej spolupráce. Prekážky ekonomického rozvoja. Závislosť realizovateľných podnikateľských zámerov od dostatku "lacných" peňazí. Zdokonalenie legislatívy. | ||
| 610 | 2 | 0 | |a Slovensko |
| 610 | 2 | 0 | |a 1994 |
| 610 | 2 | 0 | |a politika hospodárska |
| 610 | 2 | 0 | |a vláda |
| 610 | 2 | 0 | |a rozvoj hospodársky |
| 610 | 2 | 0 | |a oživenie |
| 610 | 2 | 0 | |a legislatíva |
| 100 | 1 | |a Baránik, Michal | |